University Students' Perceptions on the Effectiveness of Peer Counseling Programmes: A Case of Egerton University, Njoro Campus (Record no. 216035)

MARC details
000 -LEADER
fixed length control field 00688nam a22001577a 4500
008 - FIXED-LENGTH DATA ELEMENTS--GENERAL INFORMATION
fixed length control field 250813b |||||||| |||| 00| 0 eng d
050 ## - LIBRARY OF CONGRESS CALL NUMBER
Classification number THE LB 1027.5 .W35 2006
Item number C.1
100 ## - MAIN ENTRY--PERSONAL NAME
Personal name Waiya, Lydia Wambui Mwangi
245 ## - TITLE STATEMENT
Title University Students' Perceptions on the Effectiveness of Peer Counseling Programmes: A Case of Egerton University, Njoro Campus
260 ## - PUBLICATION, DISTRIBUTION, ETC.
Place of publication, distribution, etc. Kisii
Name of publisher, distributor, etc. Kisii University
Date of publication, distribution, etc. 2006
300 ## - PHYSICAL DESCRIPTION
Extent xii, 58p.:ill.
500 ## - GENERAL NOTE
General note Includes bibliographical references
650 ## - SUBJECT ADDED ENTRY
Topical term or geographic name entry element 1. Counseling in higher education—Kenya. 2. Peer counseling—Kenya. 3. College students—Kenya—Attitudes. 4. Educational counseling—Kenya.
942 ## - ADDED ENTRY ELEMENTS (KOHA)
Source of classification or shelving scheme Library of Congress Classification
Koha item type Reference
Holdings
Withdrawn status Lost status Source of classification or shelving scheme Damaged status Not for loan Collection Home library Current library Date acquired Inventory number Total checkouts Full call number Barcode Date last seen Copy number Price effective from Koha item type
    Library of Congress Classification     Special Research Kisii University Library Kisii University Library 08/13/2025 109469   THE LB 1027.5 .W35 2006 000000023523 08/13/2025 C.1 08/13/2025 Reference